[Event "H. C. Andersen Mindgames"]
[Site "?"]
[Date "2012.05.20"]
[Round "8.11"]
[White "Frantsen, 2122, Tom"]
[Black "Rewitz, 2253, FM Poul"]
[Result "0-1"]
[LiveChessVersion "1.3.1"]
[BlackElo "2253"]
[WhiteElo "2122"]

1. e4 {[%clk 1:30:58]} e6 {[%clk 1:29:52]} 2. d4 {[%clk 1:31:19]} d5
{[%clk 1:30:18]} 3. Nd2 {[%clk 1:31:45]} dxe4 {[%clk 1:30:39]} 4. Nxe4
{[%clk 1:32:07]} Nd7 {[%clk 1:31:03]} 5. Nf3 {[%clk 1:31:46]} Ngf6
{[%clk 1:31:25]} 6. Nxf6+ {[%clk 1:28:59]} Nxf6 {[%clk 1:31:46]} 7. Bd3
{[%clk 1:28:54]} c5 {[%clk 1:31:14]} 8. O-O {[%clk 1:26:53]} Qc7 {[%clk 1:28:21]}
9. Qe2 {[%clk 1:25:29]} a6 {[%clk 1:26:17]} 10. Be3 {[%clk 1:23:25]} Nd5
{[%clk 1:15:14]} 11. dxc5 {[%clk 0:55:55]} Nxe3 {[%clk 1:06:53]} 12. Qxe3
{[%clk 0:56:00]} Qxc5 {[%clk 1:06:00]} 13. Qe4 {[%clk 0:51:43]} g6
{[%clk 1:06:00]} 14. b4 {[%clk 0:42:28]} Qxb4 {[%clk 1:04:17]} 15. Qe5
{[%clk 0:42:42]} Rg8 {[%clk 1:04:37]} 16. Rab1 {[%clk 0:42:28]} Qc5
{[%clk 1:00:06]} 17. Qe4 {[%clk 0:41:45]} f5 {[%clk 0:53:30]} 18. Qa4+
{[%clk 0:36:37]} Bd7 {[%clk 0:49:42]} 19. Qb3 {[%clk 0:32:49]} Bd6
{[%clk 0:44:48]} 20. Rfe1 {[%clk 0:24:59]} Kf8 {[%clk 0:18:22]} 21. Qxb7
{[%clk 0:17:01]} Ra7 {[%clk 0:15:09]} 22. Qb2 {[%clk 0:15:57]} Ke7
{[%clk 0:11:05]} 23. Rbd1 {[%clk 0:08:25]} Qb4 {[%clk 0:09:37]} 24. Qc1
{[%clk 0:07:03]} Qf4 {[%clk 0:08:43]} 25. Qxf4 {[%clk 0:05:42]} Bxf4
{[%clk 0:09:06]} 26. Bc4 {[%clk 0:06:02]} Rb8 {[%clk 0:06:27]} 27. Nd4
{[%clk 0:04:54]} Rb6 {[%clk 0:06:16]} 28. g3 {[%clk 0:04:17]} Bb8
{[%clk 0:04:50]} 29. f4 {[%clk 0:04:30]} Rc7 {[%clk 0:05:06]} 30. Bb3
{[%clk 0:04:55]} Ba7 {[%clk 0:05:19]} 31. Kg2 {[%clk 0:05:08]} Rc3
{[%clk 0:04:45]} 32. Re2 {[%clk 0:04:32]} Rd6 {[%clk 0:03:38]} 33. Red2
{[%clk 0:03:52]} Bc5 {[%clk 0:04:02]} 34. Kh3 {[%clk 0:02:32]} g5
{[%clk 0:04:09]} 35. fxg5 {[%clk 0:01:38]} e5 {[%clk 0:04:28]} 36. Ne2
{[%clk 0:01:51]} Re3 {[%clk 0:04:02]} 37. Nc1 {[%clk 0:01:02]} f4+
{[%clk 0:04:10]} 38. Kh4 {[%clk 0:00:52]} f3 {[%clk 0:04:11]} 39. Rxd6
{[%clk 0:01:09]} Bxd6 {[%clk 0:04:29]} 40. Nd3 {[%clk 0:01:25]} Re2
{[%clk 0:03:41]} 41. h3 {[%clk 0:00:59]} Rh2 {[%clk 0:03:23]} 42. g4
{[%clk 0:01:19]} e4 {[%clk 0:03:34]} 43. Re1 {[%clk 0:00:41]} Bc6
{[%clk 0:03:58]} 44. Nc1 {[%clk 0:00:40]} Rg2 {[%clk 0:03:58]} 45. Ba4
{[%clk 0:00:39]} 0-1

[Event "H. C. Andersen Mind Games"]
[Site "?"]
[Date "2012.05.20"]
[Round "8.13"]
[White "Sorensen, 1993, Alex"]
[Black "Christensen, 2251, Bo Garner"]
[Result "0-1"]
[BlackElo "2251"]
[WhiteElo "1993"]

1. e4 {[%clk 1:30:40]} c5 {[%clk 1:30:45]} 2. Nf3 {[%clk 1:31:02]} Nc6
{[%clk 1:31:10]} 3. d4 {[%clk 1:31:25]} cxd4 {[%clk 1:31:34]} 4. c3
{[%clk 1:31:03]} d3 {[%clk 1:30:31]} 5. Bxd3 {[%clk 1:31:09]} d6 {[%clk 1:30:49]}
6. Bg5 {[%clk 1:23:15]} h6 {[%clk 1:29:04]} 7. Bh4 {[%clk 1:23:28]} g5
{[%clk 1:20:52]} 8. Bg3 {[%clk 1:20:33]} Bg7 {[%clk 1:21:08]} 9. Qb3
{[%clk 1:08:52]} Qc7 {[%clk 1:20:36]} 10. Nbd2 {[%clk 1:06:46]} Nf6
{[%clk 1:20:20]} 11. Nd4 {[%clk 0:53:50]} Nd7 {[%clk 1:15:02]} 12. Nb5
{[%clk 0:42:36]} Qb8 {[%clk 1:11:55]} 13. Nc4 {[%clk 0:37:31]} Nde5
{[%clk 1:09:47]} 14. Rd1 {[%clk 0:34:36]} O-O {[%clk 0:59:23]} 15. Nd4
{[%clk 0:32:03]} Nxd3+ {[%clk 0:51:40]} 16. Rxd3 {[%clk 0:32:21]} Bd7
{[%clk 0:47:34]} 17. Ne3 {[%clk 0:29:34]} Nxd4 {[%clk 0:41:20]} 18. cxd4
{[%clk 0:28:41]} b5 {[%clk 0:39:51]} 19. O-O {[%clk 0:28:25]} a5 {[%clk 0:39:10]}
20. f4 {[%clk 0:26:43]} Qa7 {[%clk 0:37:09]} 21. Qd1 {[%clk 0:26:46]} Rac8
{[%clk 0:37:06]} 22. Kh1 {[%clk 0:26:20]} b4 {[%clk 0:35:49]} 23. fxg5
{[%clk 0:24:53]} hxg5 {[%clk 0:35:22]} 24. Nf5 {[%clk 0:23:41]} Rfe8
{[%clk 0:30:21]} 25. Qh5 {[%clk 0:23:20]} Bxf5 {[%clk 0:30:19]} 26. exf5
{[%clk 0:23:11]} Bf6 {[%clk 0:30:10]} 27. h4 {[%clk 0:22:47]} Kg7
{[%clk 0:30:16]} 28. Qg4 {[%clk 0:22:14]} Rh8 {[%clk 0:29:10]} 29. Bh2
{[%clk 0:21:45]} Rxh4 {[%clk 0:29:22]} 30. Qe2 {[%clk 0:18:18]} Rch8
{[%clk 0:23:40]} 31. Rh3 {[%clk 0:18:32]} Rxh3 {[%clk 0:22:58]} 32. gxh3
{[%clk 0:18:56]} Qxd4 {[%clk 0:23:04]} 33. Rf2 {[%clk 0:18:04]} Rxh3
{[%clk 0:22:53]} 34. Kg2 {[%clk 0:17:08]} Re3 {[%clk 0:19:59]} 35. Qb5
{[%clk 0:17:33]} Qe4+ {[%clk 0:20:12]} 36. Kf1 {[%clk 0:17:33]} Re1#
{[%clk 0:20:36]} 0-1

[Event "H. C. Andersen Mind Games"]
[Site "?"]
[Date "2012.05.20"]
[Round "8.15"]
[White "Frisk, 2181, WFM Ellinor"]
[Black "Pedersen, 2112, Henrik Bolding"]
[Result "1-0"]
[BlackElo "2112"]
[WhiteElo "2181"]

1. e4 {[%clk 1:30:56]} c6 {[%clk 1:30:22]} 2. Ne2 {[%clk 1:30:08]} d5
{[%clk 1:29:53]} 3. e5 {[%clk 1:30:25]} c5 {[%clk 1:28:18]} 4. c3
{[%clk 1:30:32]} Nc6 {[%clk 1:26:26]} 5. d4 {[%clk 1:30:50]} Bf5 {[%clk 1:22:33]}
6. dxc5 {[%clk 1:29:59]} Nxe5 {[%clk 1:16:49]} 7. Ng3 {[%clk 1:29:38]} g6
{[%clk 1:05:41]} 8. Nxf5 {[%clk 1:28:04]} gxf5 {[%clk 1:06:05]} 9. Qd4
{[%clk 1:22:02]} Bg7 {[%clk 1:03:56]} 10. Bb5+ {[%clk 1:18:03]} Kf8
{[%clk 1:04:07]} 11. Qd1 {[%clk 1:09:56]} Rc8 {[%clk 0:54:43]} 12. b4
{[%clk 0:39:57]} a5 {[%clk 0:47:07]} 13. a3 {[%clk 0:37:27]} Nf6 {[%clk 0:41:00]}
14. O-O {[%clk 0:37:16]} h5 {[%clk 0:35:55]} 15. Bb2 {[%clk 0:31:59]} Qc7
{[%clk 0:31:14]} 16. f4 {[%clk 0:24:59]} Ng6 {[%clk 0:28:56]} 17. g3
{[%clk 0:15:51]} h4 {[%clk 0:25:41]} 18. Nd2 {[%clk 0:15:20]} Ng4
{[%clk 0:20:21]} 19. Qb3 {[%clk 0:13:25]} hxg3 {[%clk 0:16:45]} 20. hxg3
{[%clk 0:13:50]} e6 {[%clk 0:17:01]} 21. Rae1 {[%clk 0:10:05]} Rh3
{[%clk 0:15:15]} 22. Rf3 {[%clk 0:08:35]} Bf6 {[%clk 0:13:06]} 23. Bf1
{[%clk 0:07:59]} Rh2 {[%clk 0:12:23]} 24. Re2 {[%clk 0:05:00]} Rxe2
{[%clk 0:11:03]} 25. Bxe2 {[%clk 0:05:28]} b6 {[%clk 0:11:28]} 26. c4
{[%clk 0:05:30]} bxc5 {[%clk 0:09:57]} 27. Bxf6 {[%clk 0:03:46]} Nxf6
{[%clk 0:10:16]} 28. b5 {[%clk 0:04:04]} Ne4 {[%clk 0:08:15]} 29. Nf1
{[%clk 0:04:07]} d4 {[%clk 0:07:59]} 30. Qc2 {[%clk 0:03:13]} Ke7
{[%clk 0:07:46]} 31. Bd3 {[%clk 0:03:32]} Nf6 {[%clk 0:07:09]} 32. Rf2
{[%clk 0:03:00]} Ng4 {[%clk 0:07:13]} 33. Re2 {[%clk 0:03:19]} Kf6
{[%clk 0:05:58]} 34. Nh2 {[%clk 0:02:58]} Ne3 {[%clk 0:06:04]} 35. Qb2
{[%clk 0:03:06]} Ke7 {[%clk 0:05:33]} 36. Nf1 {[%clk 0:02:50]} Nxf1
{[%clk 0:04:40]} 37. Kxf1 {[%clk 0:03:19]} Kf6 {[%clk 0:04:28]} 38. Rh2
{[%clk 0:03:30]} Qb7 {[%clk 0:04:05]} 39. Qf2 {[%clk 0:02:32]} Rh8
{[%clk 0:02:50]} 40. Ke2 {[%clk 0:02:06]} Rxh2 {[%clk 0:02:41]} 41. Qxh2
{[%clk 0:02:35]} Ke7 {[%clk 0:02:55]} 42. a4 {[%clk 0:02:25]} Qa8
{[%clk 0:02:22]} 43. Kf2 {[%clk 0:02:42]} Qb7 {[%clk 0:02:05]} 44. Qh7
{[%clk 0:02:47]} Qa8 {[%clk 0:01:58]} 45. Qh5 {[%clk 0:02:59]} Qh8
{[%clk 0:01:24]} 46. Qf3 {[%clk 0:03:04]} Qc8 {[%clk 0:00:36]} 47. Bf1
{[%clk 0:01:39]} Qc7 {[%clk 0:00:43]} 48. Bg2 {[%clk 0:01:46]} Qb6
{[%clk 0:00:33]} 49. Qa8 {[%clk 0:01:50]} Nf8 {[%clk 0:00:40]} 50. Bc6
{[%clk 0:02:07]} Nd7 {[%clk 0:00:35]} 51. Bxd7 {[%clk 0:01:57]} Kxd7
{[%clk 0:01:03]} 52. Qf8 {[%clk 0:02:19]} Qd8 {[%clk 0:00:00]} 1-0

[Event "H. C. Andersen Mind Games"]
[Site "?"]
[Date "2012.05.20"]
[Round "8.16"]
[White "Nielsen, 2163, John Bauneborg"]
[Black "Stolberg-Rohr, 1985, WFM Thomine"]
[Result "1-0"]
[BlackElo "1985"]
[WhiteElo "2163"]

1. d4 {[%clk 1:30:57]} g6 {[%clk 1:30:42]} 2. c4 {[%clk 1:31:21]} Bg7
{[%clk 1:31:05]} 3. Nc3 {[%clk 1:31:39]} d6 {[%clk 1:31:30]} 4. g3
{[%clk 1:31:53]} Nd7 {[%clk 1:31:50]} 5. Bg2 {[%clk 1:32:11]} e5 {[%clk 1:32:07]}
6. e3 {[%clk 1:32:34]} Ne7 {[%clk 1:32:15]} 7. Nge2 {[%clk 1:32:58]} O-O
{[%clk 1:32:38]} 8. O-O {[%clk 1:33:11]} Nb6 {[%clk 1:32:11]} 9. b3
{[%clk 1:28:27]} exd4 {[%clk 1:32:12]} 10. exd4 {[%clk 1:25:33]} Re8
{[%clk 1:27:46]} 11. Qd2 {[%clk 1:22:24]} Nd7 {[%clk 1:20:17]} 12. Bb2
{[%clk 1:20:49]} Nf6 {[%clk 1:19:30]} 13. d5 {[%clk 1:10:06]} a6 {[%clk 1:15:24]}
14. Rac1 {[%clk 0:59:02]} Nf5 {[%clk 1:11:37]} 15. b4 {[%clk 0:57:06]} Bh6
{[%clk 1:09:17]} 16. f4 {[%clk 0:55:40]} Ng4 {[%clk 1:02:54]} 17. Ne4
{[%clk 0:55:10]} Bg7 {[%clk 0:57:23]} 18. Bxg7 {[%clk 0:51:24]} Nxg7
{[%clk 0:53:23]} 19. N2c3 {[%clk 0:40:28]} f5 {[%clk 0:44:56]} 20. h3
{[%clk 0:33:50]} fxe4 {[%clk 0:43:37]} 21. hxg4 {[%clk 0:34:14]} Bxg4
{[%clk 0:36:05]} 22. Nxe4 {[%clk 0:33:58]} Nh5 {[%clk 0:35:14]} 23. Qc3
{[%clk 0:32:43]} Qd7 {[%clk 0:32:36]} 24. Rce1 {[%clk 0:30:30]} Qg7
{[%clk 0:30:15]} 25. Re3 {[%clk 0:22:28]} Qxc3 {[%clk 0:27:12]} 26. Rxc3
{[%clk 0:22:29]} Re7 {[%clk 0:26:58]} 27. c5 {[%clk 0:21:43]} dxc5
{[%clk 0:25:54]} 28. bxc5 {[%clk 0:19:58]} Rae8 {[%clk 0:23:22]} 29. Nf2
{[%clk 0:18:16]} Bc8 {[%clk 0:20:53]} 30. d6 {[%clk 0:17:52]} Re2
{[%clk 0:07:01]} 31. c6 {[%clk 0:16:27]} bxc6 {[%clk 0:05:18]} 32. Bxc6
{[%clk 0:14:55]} Rd8 {[%clk 0:03:11]} 33. Bd5+ {[%clk 0:09:25]} Kf8
{[%clk 0:03:29]} 34. Rxc7 {[%clk 0:09:37]} Rd2 {[%clk 0:02:14]} 35. Rf7+
{[%clk 0:09:04]} 1-0

[Event "H. C. Andersen Mind Games"]
[Site "?"]
[Date "2012.05.20"]
[Round "8.18"]
[White "Eriksson, 2149, Christian"]
[Black "Dirlis, 1852, Nikolaos"]
[Result "1/2-1/2"]
[BlackElo "1852"]
[WhiteElo "2149"]

1. e4 {[%clk 1:30:57]} e5 {[%clk 1:26:05]} 2. Nf3 {[%clk 1:31:18]} Nc6
{[%clk 1:26:27]} 3. Bb5 {[%clk 1:31:32]} Nf6 {[%clk 1:26:46]} 4. O-O
{[%clk 1:30:22]} Nxe4 {[%clk 1:27:05]} 5. Re1 {[%clk 1:30:28]} Nd6
{[%clk 1:26:57]} 6. Nxe5 {[%clk 1:30:18]} Nxe5 {[%clk 1:25:43]} 7. Rxe5+
{[%clk 1:30:40]} Be7 {[%clk 1:26:06]} 8. Bf1 {[%clk 1:30:50]} O-O
{[%clk 1:26:22]} 9. d4 {[%clk 1:30:55]} Bf6 {[%clk 1:26:28]} 10. Re1
{[%clk 1:31:05]} Re8 {[%clk 1:26:33]} 11. Rxe8+ {[%clk 1:29:57]} Nxe8
{[%clk 1:24:53]} 12. Bf4 {[%clk 1:26:58]} d5 {[%clk 1:24:35]} 13. c3
{[%clk 1:26:18]} c6 {[%clk 1:22:51]} 14. Bd3 {[%clk 1:24:42]} g6 {[%clk 1:22:47]}
15. Nd2 {[%clk 1:23:39]} Ng7 {[%clk 1:23:00]} 16. Nf3 {[%clk 1:23:14]} Bf5
{[%clk 1:22:33]} 17. Be5 {[%clk 1:20:26]} Qe7 {[%clk 1:17:43]} 18. Qd2
{[%clk 1:12:22]} Bxd3 {[%clk 1:15:35]} 19. Qxd3 {[%clk 1:12:00]} Bxe5
{[%clk 1:15:34]} 20. Nxe5 {[%clk 1:03:51]} Re8 1/2-1/2

[Event "H. C. Andersen Mind Games"]
[Site "?"]
[Date "2012.05.20"]
[Round "8.19"]
[White "Christiansen, 2151, Jens Jorgen"]
[Black "Nielsen, 1998, Brian"]
[Result "0-1"]
[BlackElo "1998"]
[WhiteElo "2151"]

1. d4 {[%clk 1:30:58]} Nf6 {[%clk 1:30:55]} 2. c4 {[%clk 1:31:09]} g6
{[%clk 1:31:02]} 3. Nc3 {[%clk 1:31:27]} Bg7 {[%clk 1:31:15]} 4. e4
{[%clk 1:31:32]} d6 {[%clk 1:31:31]} 5. Bd3 {[%clk 1:31:49]} O-O {[%clk 1:29:27]}
6. Nge2 {[%clk 1:32:04]} Nc6 {[%clk 1:26:27]} 7. O-O {[%clk 1:32:21]} e5
{[%clk 1:25:26]} 8. d5 {[%clk 1:32:43]} Ne7 {[%clk 1:25:31]} 9. Rb1
{[%clk 1:30:06]} Nh5 {[%clk 1:20:00]} 10. b4 {[%clk 1:25:27]} f5 {[%clk 1:15:20]}
11. exf5 {[%clk 1:24:23]} gxf5 {[%clk 1:14:50]} 12. f4 {[%clk 1:24:43]} exf4
{[%clk 1:09:41]} 13. Nb5 {[%clk 1:11:10]} Ng6 {[%clk 1:05:16]} 14. Nbd4
{[%clk 1:10:30]} Bd7 {[%clk 0:54:02]} 15. c5 {[%clk 1:05:53]} Qf6
{[%clk 0:41:04]} 16. Bb2 {[%clk 0:55:47]} Qg5 {[%clk 0:35:42]} 17. Nf3
{[%clk 0:54:15]} Qe7 {[%clk 0:34:33]} 18. Bxg7 {[%clk 0:46:52]} Qxg7
{[%clk 0:33:45]} 19. Qd2 {[%clk 0:37:16]} Rae8 {[%clk 0:28:56]} 20. Ned4
{[%clk 0:27:02]} Nh4 {[%clk 0:23:35]} 21. Rbe1 {[%clk 0:26:23]} Re3
{[%clk 0:22:30]} 22. Bc2 {[%clk 0:21:18]} Nxf3+ {[%clk 0:18:46]} 23. Nxf3
{[%clk 0:20:43]} Rfe8 {[%clk 0:18:03]} 24. Qd4 {[%clk 0:12:04]} Qxd4
{[%clk 0:17:31]} 0-1

[Event "H. C. Andersen Mind Games"]
[Site "?"]
[Date "2012.05.20"]
[Round "8.25"]
[White "Caceres, 1731, Cipriano Sande"]
[Black "Munksgaard, 1877, Daniel"]
[Result "0-1"]
[BlackElo "1877"]
[WhiteElo "1731"]

1. c4 {[%clk 1:30:57]} e5 {[%clk 1:30:48]} 2. Nc3 {[%clk 1:31:18]} Nf6
{[%clk 1:31:08]} 3. Nf3 {[%clk 1:31:30]} Nc6 {[%clk 1:31:00]} 4. e3
{[%clk 1:31:24]} d5 {[%clk 1:27:08]} 5. cxd5 {[%clk 1:28:18]} Nxd5
{[%clk 1:27:26]} 6. Bb5 {[%clk 1:28:22]} Nxc3 {[%clk 1:25:53]} 7. Bxc6+
{[%clk 1:28:22]} bxc6 {[%clk 1:26:19]} 8. bxc3 {[%clk 1:28:24]} Bd6
{[%clk 1:25:53]} 9. O-O {[%clk 1:28:18]} O-O {[%clk 1:23:35]} 10. e4
{[%clk 1:26:54]} f5 {[%clk 1:23:26]} 11. d4 {[%clk 1:20:41]} fxe4
{[%clk 1:22:47]} 12. Qb3+ {[%clk 1:20:22]} Kh8 {[%clk 1:22:43]} 13. Ng5
{[%clk 1:20:33]} Qe8 {[%clk 1:21:52]} 14. Nxe4 {[%clk 1:17:54]} Be6
{[%clk 1:19:07]} 15. c4 {[%clk 1:16:33]} exd4 {[%clk 1:18:51]} 16. Qc2
{[%clk 1:06:29]} Qg6 {[%clk 1:15:54]} 17. f3 {[%clk 1:02:47]} Bf5
{[%clk 1:08:37]} 18. Bd2 {[%clk 0:51:32]} Rae8 {[%clk 1:04:34]} 19. Rae1
{[%clk 0:50:47]} Bxe4 {[%clk 1:02:22]} 20. Rxe4 {[%clk 0:49:47]} Rxe4
{[%clk 1:01:15]} 21. fxe4 {[%clk 0:49:31]} Bxh2+ {[%clk 1:01:24]} 22. Kxh2
{[%clk 0:49:19]} Rxf1 {[%clk 1:01:44]} 23. Qb3 {[%clk 0:34:03]} Qh5+
{[%clk 1:00:40]} 24. Qh3 {[%clk 0:17:45]} Qxh3+ {[%clk 0:59:16]} 25. Kxh3
{[%clk 0:18:11]} Rf2 {[%clk 0:59:14]} 26. Ba5 {[%clk 0:17:06]} Re2
{[%clk 0:59:29]} 27. Bxc7 {[%clk 0:14:43]} Rxe4 {[%clk 0:59:52]} 28. Kg3
{[%clk 0:10:04]} d3 {[%clk 0:59:55]} 0-1

[Event "H. C. Andersen Mindgames"]
[Site "?"]
[Date "2012.05.20"]
[Round "9.1"]
[White "Georgiev, 2555, GM Vladimir"]
[Black "Aagaard, 2505, GM Jacob"]
[Result "1/2-1/2"]
[LiveChessVersion "1.3.1"]
[BlackElo "2505"]
[WhiteElo "2555"]

1. d4 d5 2. c4 e6 3. Nc3 c5 4. e3 Nf6 5. Nf3 a6 6. dxc5 Bxc5 7. a3 O-O 8. b4 Ba7
9. Bb2 Nc6 10. Be2 dxc4 11. Qxd8 Rxd8 12. Bxc4 b5 13. Bb3 Bb7 14. Ke2 1/2-1/2

[Event "H. C. Andersen Mindgames"]
[Site "?"]
[Date "2012.05.20"]
[Round "9.3"]
[White "Haub, 2476, IM Thorsten Michael"]
[Black "Smith, 2483, IM Axel"]
[Result "1/2-1/2"]
[LiveChessVersion "1.3.1"]
[BlackElo "2483"]
[WhiteElo "2476"]

1. Nf3 {[%clk 1:30:55]} c5 {[%clk 1:25:35]} 2. g3 {[%clk 1:31:16]} Nc6
{[%clk 1:25:57]} 3. d3 {[%clk 1:31:37]} d5 {[%clk 1:25:59]} 4. Nbd2
{[%clk 1:31:04]} e5 {[%clk 1:25:41]} 5. e4 {[%clk 1:31:04]} Nf6 {[%clk 1:26:03]}
6. Bg2 {[%clk 1:31:09]} Be7 {[%clk 1:26:28]} 7. O-O {[%clk 1:31:18]} O-O
{[%clk 1:26:56]} 8. c3 {[%clk 1:31:15]} Be6 {[%clk 1:27:07]} 9. exd5
{[%clk 1:27:28]} Nxd5 {[%clk 1:27:23]} 10. Re1 {[%clk 1:27:09]} Qc7
{[%clk 1:15:47]} 11. Qe2 {[%clk 1:24:11]} f6 {[%clk 1:06:14]} 1/2-1/2

[Event "H. C. Andersen Mindgames"]
[Site "?"]
[Date "2012.05.20"]
[Round "9.6"]
[White "Carlstedt, 2354, IM Jonathan"]
[Black "Maksimenko, 2554, GM Andrei"]
[Result "1/2-1/2"]
[LiveChessVersion "1.3.1"]
[BlackElo "2554"]
[WhiteElo "2354"]

1. c4 {[%clk 1:29:55]} e5 {[%clk 1:30:41]} 2. g3 {[%clk 1:30:13]} Nf6
{[%clk 1:31:02]} 3. Bg2 {[%clk 1:30:33]} d5 {[%clk 1:31:14]} 4. cxd5
{[%clk 1:30:55]} Nxd5 {[%clk 1:31:43]} 5. Nc3 {[%clk 1:31:15]} Nb6
{[%clk 1:32:10]} 6. Nf3 {[%clk 1:31:37]} Nc6 {[%clk 1:32:36]} 7. O-O
{[%clk 1:31:59]} Be7 {[%clk 1:33:04]} 8. a3 {[%clk 1:31:50]} O-O {[%clk 1:33:24]}
9. d3 {[%clk 1:32:11]} Be6 {[%clk 1:33:12]} 10. b4 {[%clk 1:31:14]} f6
{[%clk 1:25:25]} 11. Bb2 {[%clk 1:28:14]} Qc8 {[%clk 1:19:45]} 12. Rc1
{[%clk 1:22:48]} Rd8 {[%clk 1:18:26]} 13. Ne4 {[%clk 1:16:10]} Bd5
{[%clk 0:54:41]} 14. Ned2 {[%clk 1:09:39]} Qd7 {[%clk 0:44:56]} 15. Qc2
{[%clk 1:08:08]} Rac8 {[%clk 0:44:58]} 16. Rfd1 {[%clk 1:04:36]} a5
{[%clk 0:44:58]} 17. b5 {[%clk 0:58:10]} Na7 {[%clk 0:45:14]} 18. e4
{[%clk 0:51:24]} Bf7 {[%clk 0:40:05]} 19. d4 {[%clk 0:51:11]} exd4
{[%clk 0:36:41]} 20. Nxd4 {[%clk 0:48:17]} Nxb5 {[%clk 0:32:37]} 21. Nf5
{[%clk 0:47:07]} Nxa3 {[%clk 0:21:32]} 22. Bxa3 {[%clk 0:45:18]} Bxa3
{[%clk 0:21:56]} 23. Nc4 {[%clk 0:45:12]} Nxc4 {[%clk 0:22:11]} 24. Rxd7
{[%clk 0:45:08]} Rxd7 {[%clk 0:22:39]} 25. Qa4 {[%clk 0:41:05]} Bxc1
{[%clk 0:07:41]} 26. Qxd7 {[%clk 0:41:03]} Re8 {[%clk 0:04:10]} 27. Qxc7
{[%clk 0:40:33]} Ba3 {[%clk 0:04:22]} 28. Qxb7 {[%clk 0:38:32]} Nd6
{[%clk 0:03:50]} 29. Qa6 {[%clk 0:36:44]} Nxf5 {[%clk 0:01:57]} 30. Qxa5
{[%clk 0:37:04]} Nxg3 {[%clk 0:02:04]} 31. hxg3 {[%clk 0:37:26]} Bf8
{[%clk 0:02:19]} 32. Qa4 {[%clk 0:36:26]} g5 {[%clk 0:01:58]} 33. Bf1
{[%clk 0:35:17]} Kg7 {[%clk 0:01:33]} 34. Bb5 {[%clk 0:33:43]} Rc8
{[%clk 0:01:19]} 35. Bc6 {[%clk 0:33:32]} Rc7 {[%clk 0:00:55]} 36. Kg2
{[%clk 0:32:33]} Bd6 {[%clk 0:01:06]} 37. Bd5 {[%clk 0:31:37]} Re7
{[%clk 0:00:38]} 38. Qd1 {[%clk 0:30:27]} Bg6 {[%clk 0:00:47]} 39. f3
{[%clk 0:29:03]} Bc7 {[%clk 0:00:43]} 40. Qc1 {[%clk 0:29:00]} Bd6
{[%clk 0:00:35]} 41. Qc8 {[%clk 0:28:15]} Bf7 {[%clk 0:00:59]} 42. Qd8
{[%clk 0:28:03]} Ba3 {[%clk 0:01:05]} 43. f4 {[%clk 0:28:01]} h6 {[%clk 0:00:43]}
44. Kf3 {[%clk 0:24:40]} Bh5+ {[%clk 0:01:02]} 45. Ke3 {[%clk 0:23:50]} Bf7
{[%clk 0:01:10]} 46. Kd3 {[%clk 0:23:38]} Re8 {[%clk 0:00:41]} 47. Qa5
{[%clk 0:23:02]} Bd6 {[%clk 0:00:59]} 48. Qb6 {[%clk 0:22:37]} Bf8
{[%clk 0:01:01]} 49. Kd4 {[%clk 0:22:27]} gxf4 {[%clk 0:00:39]} 50. gxf4
{[%clk 0:22:45]} Re7 {[%clk 0:00:47]} 51. Kd3 {[%clk 0:21:57]} f5
{[%clk 0:00:36]} 52. Qd4+ {[%clk 0:19:45]} Kh7 {[%clk 0:00:46]} 53. Qf6
{[%clk 0:17:11]} fxe4+ {[%clk 0:01:07]} 54. Bxe4+ {[%clk 0:17:33]} Kg8
{[%clk 0:01:35]} 55. Qf5 {[%clk 0:17:38]} Bg7 {[%clk 0:01:54]} 56. Bd5
{[%clk 0:17:27]} Bxd5 {[%clk 0:01:49]} 57. Qxd5+ {[%clk 0:17:54]} Rf7
{[%clk 0:01:39]} 58. Ke4 {[%clk 0:17:59]} Bf6 {[%clk 0:01:40]} 59. Kf5
{[%clk 0:17:04]} Kg7 {[%clk 0:02:04]} 60. Kg4 {[%clk 0:17:23]} Be7
{[%clk 0:01:19]} 61. Qe6 {[%clk 0:17:12]} Bf8 {[%clk 0:01:24]} 62. f5
{[%clk 0:16:01]} Rf6 {[%clk 0:01:42]} 63. Qd7+ {[%clk 0:16:01]} Kg8
{[%clk 0:01:47]} 64. Kf4 {[%clk 0:16:04]} Bg7 {[%clk 0:01:51]} 65. Qd8+
{[%clk 0:15:28]} Kh7 {[%clk 0:02:11]} 66. Qe8 {[%clk 0:15:50]} Rf8
{[%clk 0:02:14]} 67. Qg6+ {[%clk 0:13:38]} Kh8 {[%clk 0:02:39]} 68. Ke4
{[%clk 0:14:04]} Rf6 {[%clk 0:03:03]} 69. Qh5 {[%clk 0:14:27]} Rf8
{[%clk 0:03:22]} 70. Kd5 {[%clk 0:14:47]} Rf6 {[%clk 0:03:47]} 71. Qe8+
{[%clk 0:14:26]} Rf8 {[%clk 0:04:09]} 72. Qe4 {[%clk 0:14:35]} Rf6
{[%clk 0:04:23]} 73. Qc2 {[%clk 0:14:15]} Kg8 {[%clk 0:04:43]} 74. Qc8+
{[%clk 0:13:36]} Kh7 {[%clk 0:05:00]} 75. Qd7 {[%clk 0:13:38]} Kh8
{[%clk 0:05:22]} 76. Qe8+ {[%clk 0:13:11]} 1/2-1/2

[Event "H. C. Andersen Mindgames"]
[Site "?"]
[Date "2012.05.20"]
[Round "9.8"]
[White "Lund, 2401, IM Silas"]
[Black "Ochsner, 2285, Bjorn Moller"]
[Result "1-0"]
[LiveChessVersion "1.3.1"]
[BlackElo "2285"]
[WhiteElo "2401"]

1. d4 {[%clk 1:30:56]} Nf6 {[%clk 1:30:53]} 2. c4 {[%clk 1:31:14]} g6
{[%clk 1:29:56]} 3. Nc3 {[%clk 1:31:35]} Bg7 {[%clk 1:30:20]} 4. e4
{[%clk 1:31:55]} d6 {[%clk 1:30:45]} 5. Be2 {[%clk 1:32:16]} O-O {[%clk 1:30:47]}
6. Nf3 {[%clk 1:32:39]} e5 {[%clk 1:30:23]} 7. O-O {[%clk 1:32:43]} Na6
{[%clk 1:30:22]} 8. Be3 {[%clk 1:32:46]} Ng4 {[%clk 1:30:20]} 9. Bg5
{[%clk 1:32:27]} Qe8 {[%clk 1:30:42]} 10. dxe5 {[%clk 1:29:00]} dxe5
{[%clk 1:30:32]} 11. h3 {[%clk 1:29:13]} f6 {[%clk 1:30:55]} 12. Bd2
{[%clk 1:28:53]} Nh6 {[%clk 1:31:18]} 13. Be3 {[%clk 1:27:50]} c6
{[%clk 1:30:47]} 14. c5 {[%clk 1:27:05]} Nc7 {[%clk 1:29:25]} 15. Qb3+
{[%clk 1:25:52]} Qf7 {[%clk 1:25:18]} 16. Bc4 {[%clk 1:08:33]} Be6
{[%clk 1:17:40]} 17. Nd2 {[%clk 1:08:28]} Rab8 {[%clk 1:14:36]} 18. f4
{[%clk 1:05:27]} Qe7 {[%clk 1:09:29]} 19. f5 {[%clk 1:02:29]} Bxc4
{[%clk 1:07:48]} 20. Nxc4 {[%clk 1:00:04]} Nf7 {[%clk 1:05:37]} 21. Rad1
{[%clk 0:58:29]} Kh8 {[%clk 1:02:23]} 22. Nd6 {[%clk 0:57:15]} Ne8
{[%clk 0:45:43]} 23. Qe6 {[%clk 0:46:04]} Qc7 {[%clk 0:45:59]} 24. Rf2
{[%clk 0:42:53]} Nd8 {[%clk 0:35:21]} 25. Qc4 {[%clk 0:37:17]} b5
{[%clk 0:25:58]} 26. cxb6 {[%clk 0:32:44]} axb6 {[%clk 0:26:13]} 27. Nxe8
{[%clk 0:32:50]} Rxe8 {[%clk 0:26:23]} 28. Rfd2 {[%clk 0:29:34]} Re7
{[%clk 0:20:08]} 29. Nb5 {[%clk 0:29:24]} 1-0